00472cam a2200169ua 45000010005000000080039000050400009000440410008000530820008000611000028000692450081000972500012001782600042001903000010002326530029002426530031002719728160811n ii |||gr||||Z||||||eng cMAIN aeng a301 aSaikia, Utpal,eAuthor. aIntroduction to sociology (for higher secondary first year)cby Utpal Saikia a1st ed. aDibrugarh:bStudents emporium,c2005. a224p. aSociology & anthropology aHigher secondary sociology